Tratado sobre los vampiros

Gespeichert in:
Bibliographische Detailangaben
1. Verfasser: Calmet, Augustin (VerfasserIn)
Format: Buch
Sprache:Spanisch
Veröffentlicht: Madrid Reino de Cordelia S. L 2009
Ausgabe:2a. ed
Schriftenreihe:Reino de Goneril, 2
Schlagworte:
Tags: Tag hinzufügen
Keine Tags, Fügen Sie den ersten Tag hinzu!

MARC

LEADER 00000cam a2200000 a 4500
001 UCF7799
003 CL-VaPUC
008 130704e20090500SP |||||||||||||||||spa|d
020 |a 9788493692919 
082 0 4 |a 398  |b CAL  |2 21 
100 |a Calmet, Augustin  |e author  |9 517478 
245 1 0 |a Tratado sobre los vampiros 
250 |a 2a. ed 
300 |a 300 p 
942 |c BK 
945 |d 20130704 00:00:00  |a dcastane 
260 |a Madrid  |b Reino de Cordelia S. L  |c 2009 
650 0 |a Mitología   |9 255719 
650 0 |a Vampiros  |9 610519 
583 |a last modification  |c 20130704 11:43:00  |k Rodrigo Vera 
490 0 |a Reino de Goneril, 2 
999 |c 352561  |d 352559 
952 |0 0  |1 0  |4 0  |6 398_000000000000000_CAL_2009  |7 0  |8 A  |9 457124  |a BIBING  |b BIBING  |d 2019-11-22  |i 498336K  |l 1  |o 398 CAL 2009  |p 498336K  |r 2025-01-20  |s 2023-03-21  |w 2019-11-22  |y BK  |k CUI